01503nam a2200313 a 450000100100000000500170001000800410002702000150006804000250008308200260010810000380013424000750017224502270024725000110047426000550048530000370054053400990057750000210067650400510069765000570074865000990080570000310090470000480093570000430098391000070102604900090103395201300104299900170117200002299920200930021925.0101124s1996 mx a 001 0 spa d a9688806935 aDO-SdBNPbspacBNPHU a658.4038bL372a, 19961 aLaudon, Kenneth C.,d1944-94731210aManagement information systems organization and Technology.lEspañol10aAdministración de los sistemas de información :borganización y tecnología /cKenneth C. Laudon, Jane Prince Laudon ; traducción de Jorge Rodríguez Rodríguez ; revisión técnica de Jorge Rivera Albarrán. a3a ed. aMéxico :bPrentice Hall Hispanoamericana,c1996. axxxviii, 885 p. :bil. ;c27 cm. pTítulo del inglés de la obra:tManagement information systems organization and Technology. aIncluye glosario aIncluye bibliografías e índice temático. 4aAdministración de sistemas de información947313 4aSistemas de almacenamiento y recuperación de informaciónxInvestigacionesxManuales9473141 aLaudon, Jane Prince9473151 aRodríguez Rodríguez, Jorge,etr.9473161 aRivera Albarrán, Jorge,erev.947317 aWM aBNGR 001054708MOaGRbGRcHDd2010-11-24iLF1l0o658.4038 L372a, 1996p22999-10r2020-06-25w2020-06-25y4ZPréstamo en sala c22496d22496